书目信息 |
| 书名: | Snake-bite doctor and other children's stories from China | |
| 作者: | ||
| 分册号: | ||
| 分册名: | 出版地: | Beijing : |
|
| 出版社: | Foreign Languages Pr | |
| 出版时间: | 1984. | |
| 页数: | 232 p. : | |
| 开本: | 21 cm. | |
| 丛书名: | ||
| 中图分类号: | ||
| 科图分类号: | ||
| 其他分类号: | H319.4 | |
| 主题词: | ||
| 电子资源: | ||
| 000 | 00779nam 2200229 a 4500 | |
| 001 | E0751154963 | |
| 005 | 20070206141352.81 | |
| 008 | 001 0 eng | |
| 008 | uu | |
| 040 | @aNLC | |
| 041 | 1 | @aeng @hchi |
| 043 | @aa-cc--- | |
| 049 | @aN5LA | |
| 090 | @a2C-85/I287.5/S66En///////////973388-90/ 3cop./1101213/ cop.4 | |
| 090 | @aH319.4 | |
| 096 | @aI287.5 @v2 | |
| 099 | @dH319.4@ex179 | |
| 245 | 00 | @aSnake-bite doctor and other children's stories from China |
| 260 | @aBeijing :@bForeign Languages Pr.,@c1984. | |
| 300 | @a232 p. :@bill. ;@c21 cm. | |
| 650 | 0 | @aChildren's stories, Chinese @xTranslations into English. @b00 @c20020930 @lNLC09 @h2246 @lNLC09 @h2303 @lNLC09 @h1854 @b40 @c20030906 @lNLC09 @h2051 |
| 852 | 9 | @bWWJC @cJ08S @k2C-85 @hI287.5 @iS66En |
| Snake-bite doctor and other children's stories from China.-Beijing : : Foreign Languages Pr., , 1984. |
| 232 p. : : ill. ; ; 21 cm. |
| ISBN |
| ● |
| 相关链接 |
|
|
|
|
正题名:Snake-bite doctor and other children's stories from China
索取号:H319.4/x179
 
预约/预借
| 序号 | 登录号 | 条形码 | 馆藏地/架位号 | 状态 | 备注 |
| 1 | 106564 | 202452283 | 第四借阅区/ [索取号:H319.4/x179] | 在馆 | |
| 2 | 106565 | 001437993 | 第二样本阅览室/ [索取号:H319.4/x179] | 在馆 |